[Event "AUTO-INT-965"]
[Site "http://www.queenalice.com/game.php?id=433232"]
[Date "2008.7.14"]
[Round "1"]
[White "Krajnicov"]
[Black "caraumar"]
[Result "0-1"]
[WhiteElo "1453"]
[BlackElo "1733"]

1. e4 e6 2. Qf3 d5 3. h4 Nf6 4. Qf4 dxe4 5. Bc4 Bd6 6. Qg5 O-O 7. f4 h6 8. Qg3
Nh5 9. Qg4 g6 10. Rh3 e5 11. Qe2 Bxh3 12. gxh3 Qxh4+ 13. Kf1 Ng3+ 14. Kg2 Nxe2
15. Nxe2 exf4 16. d3 f3+ 17. Kf1 Qxh3+ 18. Ke1 fxe2 19. Kxe2 Qf3+ 20. Kd2 Bf4+
21. Kc3 Bxc1 22. Na3 Bf4 23. Kb4 Nc6+ 24. Ka4 e3 25. d4 Nxd4 26. c3 Qc6+ 27. Nb5
Nxb5 28. Bxb5 Qb6 29. Rf1 g5 30. Rh1 Kg7 31. b4 Be5 32. c4 Qd4 33. Rh3 c6 0-1

[Event "Challenge"]
[Site "http://www.queenalice.com/game.php?id=438833"]
[Date "2008.7.25"]
[Round "-"]
[White "caraumar"]
[Black "andresalles"]
[Result "1/2-1/2"]
[WhiteElo "1733"]
[BlackElo "1785"]

1. d4 d5 2. e3 Nf6 3. h3 Nc6 4. a3 e6 5. b4 a6 6. Nf3 Bd6 7. c4 O-O 8. c5 Be7 9.
Bd3 h6 10. O-O b6 11. Bd2 a5 12. b5 Na7 13. c6 Ne4 14. Ne5 Bd6 15. Qg4 Nxd2 16.
Nxd2 Bxe5 17. dxe5 Qe7 18. Rfc1 f5 19. Qd4 Qg5 20. Nf3 Qg6 21. g4 h5 22. g5 Qf7
23. h4 g6 24. Be2 f4 25. exf4 Qxf4 26. Qxf4 Rxf4 27. a4 Rb4 28. Rc3 Rg4+ 29. Kh2
Kf7 30. Kh3 Re4 31. Bd3 Rf4 32. Bc2 Ke7 1/2-1/2

[Event "QA-ANNIV-04"]
[Site "http://www.queenalice.com/game.php?id=479285"]
[Date "2008.10.18"]
[Round "3"]
[White "Ditto"]
[Black "caraumar"]
[Result "0-1"]
[WhiteElo "1696"]
[BlackElo "1743"]

1. e4 e6 2. d4 d5 3. e5 h6 4. Nf3 a6 5. Nc3 b5 6. Bd3 g6 7. Bf4 c5 8. dxc5 Bxc5
9. Qd2 Nc6 10. O-O Bb7 11. Bg3 Qa5 0-1

[Event "QA-ANNIV-04"]
[Site "http://www.queenalice.com/game.php?id=514276"]
[Date "2008.12.29"]
[Round "4"]
[White "caraumar"]
[Black "SRIVERO"]
[Result "1-0"]
[WhiteElo "1773"]
[BlackElo "1724"]

1. d4 d5 2. e3 Nf6 3. h3 Bf5 4. a3 e6 5. c4 c5 6. Qa4+ Qd7 7. Qxd7+ Nbxd7 8. Nc3
Nb6 9. b3 Be7 10. Bb2 Ne4 11. Nb5 O-O 12. a4 a5 13. Nf3 cxd4 14. Bxd4 Bb4+ 15.
Ke2 Nd7 16. g4 Bg6 17. Bg2 f6 18. cxd5 exd5 19. Rhc1 Rac8 20. Nc7 Nec5 21. Nxd5
Nxb3 22. Rxc8 Rxc8 23. Rd1 Rc2+ 24. Kf1 Be4 25. Nxb4 axb4 26. Ba7 Ne5 27. Rd8+
Kf7 28. Nxe5+ fxe5 29. Kg1 Bc6 30. Bxc6 bxc6 31. Bb6 Nc5 32. a5 b3 33. Rb8 b2
34. Bxc5 Rxc5 35. Rxb2 Rxa5 36. Rc2 c5 37. Kg2 g5 38. Kg3 Ke6 39. h4 h6 40. h5
e4 41. Rb2 Ra6 42. f4 Kf6 43. fxg5+ Kxg5 44. Rb5 Rc6 45. Ra5 Kf6 46. Kf4 c4 47.
Kxe4 c3 48. Ra1 c2 49. Rc1 Rc4+ 50. Kd3 Rxg4 51. Rxc2 Kg5 52. Rc5+ Kh4 53. e4
Rg5 54. Rxg5 Kxg5 55. e5 Kf5 56. Kd4 Ke6 57. Ke4 Kf7 58. Kf5 Kg7 59. e6 Kf8 60.
Kf6 Kg8 61. e7 Kh7 62. Kf7 Kh8 63. e8=Q+ 1-0

[Event "QA-ANNIV-04"]
[Site "http://www.queenalice.com/game.php?id=578064"]
[Date "2009.4.26"]
[Round "5"]
[White "Papachibe"]
[Black "caraumar"]
[Result "1/2-1/2"]
[WhiteElo "2030"]
[BlackElo "1817"]

1. e4 e6 2. d4 d5 3. exd5 exd5 4. Bd3 g6 5. Nf3 h6 6. O-O Bg7 7. Re1+ Be6 8. c4
Ne7 9. cxd5 Bxd5 10. Ne5 O-O 11. Nc3 Be6 12. Be3 Na6 13. a3 c6 14. Qd2 g5 15.
Rad1 Bb3 16. Bc2 Bxc2 17. Qxc2 Qc7 18. Qb3 Nf5 19. Nf3 b5 20. d5 Nxe3 21. Rxe3
Nc5 22. Qb4 Na6 23. Qg4 Rad8 24. Qf5 b4 25. axb4 Nxb4 26. dxc6 Qxc6 27. Rc1 Nd5
28. Ree1 Nxc3 29. bxc3 Bxc3 30. Qc2 Rc8 31. Re3 Rfd8 32. h3 Qg6 33. Qxg6+ fxg6
34. Rexc3 Rxc3 35. Rxc3 a5 36. Rc7 Ra8 37. Ne5 a4 38. Nxg6 a3 39. Rc1 Kf7 40.
Ne5+ Ke6 41. Nd3 Kd5 42. Nb4+ Kd4 43. Nc2+ Kd3 44. Nxa3 Rxa3 45. Rc6 Ra1+ 46.
Kh2 Ke2 47. f3 Kf2 48. Rxh6 Rg1 49. Ra6 Rxg2+ 50. Kh1 Kg3 51. h4 Re2 52. Ra1
gxh4 53. Rg1+ Kxf3 54. Rg7 h3 55. Rf7+ 1/2-1/2

[Event "Chess 03"]
[Site "http://www.queenalice.com/game.php?id=611499"]
[Date "2009.6.30"]
[Round "-"]
[White "Joll"]
[Black "caraumar"]
[Result "0-1"]
[WhiteElo "1764"]
[BlackElo "1836"]

1. d4 d5 2. Nf3 h6 3. e3 a6 4. Bd3 e6 5. b3 b5 6. Nbd2 c5 7. dxc5 Bxc5 8. Bb2
Nf6 9. O-O Nc6 10. Rc1 O-O 11. c4 Nb4 12. Bb1 bxc4 13. bxc4 a5 14. cxd5 Qxd5 15.
Nb3 Be7 16. h3 Qxd1 17. Rfxd1 a4 18. Nbd4 a3 19. Ba1 Bb7 20. Rc7 Bxf3 21. Nxf3
Nfd5 22. Rb7 Rfc8 23. e4 Nc7 24. Rc1 Nba6 25. Bd3 Bd8 26. Bxa6 Rxa6 27. Nd4 Raa8
28. Nc6 Ne8 29. Ne7+ Bxe7 30. Rxc8 Rxc8 31. Rxe7 Rc1+ 32. Kh2 Rxa1 33. Rxe8+ Kh7
34. Re7 Kg6 35. Rb7 Rxa2 36. Rb3 Kg5 37. Kg3 f5 38. f4+ Kg6 39. e5 Kf7 40. Kf3
Ra1 41. Kg3 a2 42. Rb2 g6 43. Kh4 Ke7 44. Rb7+ Kd8 45. Rb2 Kc7 46. Rd2 Kc6 47.
g3 Kc5 48. Re2 Kc4 49. Rc2+ Kb3 50. Rc6 Re1 51. Rb6+ Kc2 52. Rxe6 a1=Q 53. Rxg6
Qa4 54. Rxh6 Rxe5 55. Rf6 Rc5 56. Kg5 Qe8 57. Rxf5 Qg8+ 58. Kf6 Qf8+ 0-1

[Event "Challenge"]
[Site "http://www.queenalice.com/game.php?id=632667"]
[Date "2009.8.7"]
[Round "-"]
[White "caraumar"]
[Black "backwardsjoe40"]
[Result "1-0"]
[WhiteElo "1828"]
[BlackElo "1083"]

1. d4 d5 2. e3 Nf6 3. h3 e6 4. a3 c5 5. Nf3 Nc6 6. g3 Be7 7. Bg2 O-O 8. c3 Qc7
9. b4 cxb4 10. axb4 Bd7 11. Na3 a6 12. O-O b5 13. Bb2 Rfd8 14. Nh2 1-0

[Event "Challenge"]
[Site "http://www.queenalice.com/game.php?id=636780"]
[Date "2009.8.15"]
[Round "-"]
[White "lupo1"]
[Black "caraumar"]
[Result "0-1"]
[WhiteElo "1819"]
[BlackElo "1849"]

1. e4 e6 2. d4 d5 3. Nc3 a6 4. a4 h6 5. g3 Nf6 6. Bg2 Bb4 7. Bd2 dxe4 8. Qe2
Qxd4 9. O-O-O Bxc3 10. Bxc3 Qxa4 11. b3 Qb5 12. Qd2 Qg5 13. Nh3 Qxd2+ 14. Rxd2
b6 15. Rhd1 Nbd7 16. Bxf6 gxf6 17. Bxe4 c6 18. Bxc6 Ra7 19. Nf4 Rc7 20. Rd6 Ke7
21. Bf3 f5 22. Kb2 b5 23. R6d4 Nf6 24. Re1 Rd8 25. Rb4 Bb7 26. Bxb7 Rxb7 27. Re5
Rc7 28. c3 Rd2+ 29. Ka3 Rxc3 30. Re2 Rcc2 31. Rxd2 Rxd2 0-1

[Event "Challenge"]
[Site "http://www.queenalice.com/game.php?id=769474"]
[Date "2010.5.2"]
[Round "-"]
[White "caraumar"]
[Black "Esvir"]
[Result "0-1"]
[WhiteElo "1835"]
[BlackElo "1873"]

1. d4 d5 2. e3 f5 3. g3 Nf6 4. a3 Nc6 5. c4 e5 6. c5 e4 7. b4 Bd7 8. Nh3 g6 9.
Nc3 Bg7 10. Nf4 Ne7 11. h3 h5 12. b5 a6 13. Bb2 g5 14. Ng2 f4 15. gxf4 gxf4 16.
Nxf4 c6 17. b6 Nf5 18. Be2 Nh4 19. Bxh5+ Kf8 20. a4 Nxh5 21. Nxh5 Nf3+ 0-1